Normal view
MARC view
- Martínez Vizcaíno, Vicente
Entry Nombre Personal
001 - NUMERO DE CONTROL
- campo de control: 59291
003 - IDENTIFICADOR DE NUMERO DE CONTROL
- campo de control: DLC
005 - FECHA Y HORA DE LA ÜLTIMA TRANSACCIÓN
- campo de control: 20260416154827.0
008 - DATOS DE LONGITUD FIJA
- campo de control de longitud fija: 000830n| acannaabn |a aaa c
010 ## - NÚMERO DE CONTROL DE LA BIBLIOTECA DEL CONGRESO
- Número de control LC: nr 00027694
040 ## - FUENTE DE CATALOGACIÓN
- Agencia original de catalogación: NNU
- Lenguaje de catalogación: spa
- Agencia de transcripción: NNU
- Agencia que lo modifica: MX-MxUPN
100 1# - ENCABEZAMIENTO - NOMBRE PERSONAL
- Nombre personal: Martínez Vizcaíno, Vicente
400 1# - VEÁSE - NOMBRE DE PERSONA
- Personal name: Vizcaíno, Vicente Martínez
670 ## - FUENTE EN LA QUE SE LOCALIZARON DATOS
- Cita de la fuente: Calidad de vida en ancianos, 1998:
- Información localizada: portada (Vicente Martínez Vizcaíno)
670 ## - FUENTE EN LA QUE SE LOCALIZARON DATOS
- Cita de la fuente: Prevención de la obesidad y mejora del rendimiento académico mediante un programa de actividad física en escolares de 4 a 7 años, 2021 :
- Información localizada: portada (Vicente Martínez Vizcaíno)
902 ## - CATALOGADOR
- Catalogador: VíctorGodínez/160426
